| 000 | 00921cam a22002531 4500 | ||
|---|---|---|---|
| 999 |
_c127059 _d127059 |
||
| 001 | 6117245 | ||
| 003 | ARRUPE | ||
| 005 | 20171006112502.0 | ||
| 008 | 751104s1964 nyu 000 0 eng | ||
| 010 | _a 65001228 | ||
| 035 | _a(OCoLC)1806736 | ||
| 040 |
_aDLC _cMdU-BC _dDLC |
||
| 042 | _apremarc | ||
| 050 | 0 | 0 |
_aPR471 _b.W26 1964 |
| 100 | 1 |
_aWard, A. C. _q(Alfred Charles), _d1891- _936767 |
|
| 245 | 1 | 0 |
_aTwentieth-century English literature, 1901-1960. _cAlfred Charles Ward |
| 260 |
_aNew York, _bMethuen and Co. LTD , _c1964 |
||
| 300 |
_aviii, 239 p. ; _c22 cm. |
||
| 500 | _aFirst ed. published in 1928 under title: Twentieth-century literature, 1901-1925: the age of interrogation. | ||
| 504 | _aBibliographical footnotes. | ||
| 650 | 0 |
_aEnglish literature _y20th century _xHistory and criticism. _936768 |
|
| 906 |
_a7 _bcbc _coclcrpl _du _encip _f19 _gy-gencatlg |
||
| 942 |
_2lcc _cMONOGRAPH |
||